000 00851nam a2200277 i 4500
999 _c128630
_d128630
001 2309812
003 ARRUPE
005 20181122100741.0
008 800918s1979 enka b 001 0 eng
010 _a 80494261
015 _aGB***
020 _a0416716601 :
_c£8.95
020 _a0416716709 (pbk.)
040 _aDLC
_cDLC
_dDLC
050 0 0 _aD16
_b.F643 1979
082 0 0 _a519.5/02497
_219
100 1 _aFloud, Roderick.
_943594
245 1 3 _aAn introduction to quantitative methods for historians /
_cRoderick Floud.
250 _a2d ed.
260 _aLondon :
_bMethuen,
_c1979.
300 _aix, 237 p. :
_bill. ;
_c23 cm.
500 _aIncludes index.
504 _aBibliography: p. [222]-226.
650 0 _aHistory
_xStatistical methods.
_943595
906 _a7
_bcbc
_corignew
_d4
_encip
_f19
_gy-gencatlg
942 _2lcc
_cMONOGRAPH